[Event "Let's Play Chess!"]
[Site "http://www.queenalice.com/game.php?id=1862803"]
[Date "2025.9.14"]
[Round "-"]
[White "SeveroChess18"]
[Black "Charles56"]
[Result "1-0"]
[WhiteElo "1296"]
[BlackElo "1827"]

1. d4 d5 2. Bf4 Nf6 3. Nf3 a6 4. h3 Nc6 5. e3 e6 6. Nbd2 Bb4 7. c3 Ba5 8. Bd3 h6
9. e4 dxe4 10. Nxe4 Nxe4 11. Bxe4 Bd7 12. Ne5 g5 13. Nxc6 Bxc6 14. Bxc6+ bxc6
15. Be5 Rg8 16. Qa4 Bb6 17. Qxc6+ Ke7 18. O-O-O f6 19. Bg3 a5 20. Rhe1 Qd7 21.
Qe4 Rab8 22. Qh7+ Kf8 23. Qxd7 Rg7 24. Qxe6 c5 25. Bxb8 1-0

[Event "Escacs 198"]
[Site "http://www.queenalice.com/game.php?id=1863999"]
[Date "2025.10.10"]
[Round "-"]
[White "alterego"]
[Black "SeveroChess18"]
[Result "0-1"]
[WhiteElo "1622"]
[BlackElo "1326"]

1. d4 Nf6 2. c4 g6 3. g3 Bg7 4. Bg2 O-O 5. Nf3 d6 6. b4 Nbd7 7. O-O c5 8. dxc5
Ng4 9. Nd4 dxc5 10. bxc5 Nxc5 11. Ba3 Qxd4 12. Qxd4 Bxd4 13. Nc3 Bxc3 14. Rac1
Na4 15. Bxe7 Re8 16. Bg5 Rxe2 17. a3 Bd7 18. Bxb7 Rb8 19. Bf3 Ra2 20. Bd5 Rbb2
21. c5 Rxa3 22. c6 Bc8 23. Be7 Bb4 24. Bg5 Bd2 25. Rc4 Bxg5 26. f4 Bf6 27. f5
Ne3 28. Rcf4 Nxf1 29. Rxf1 Bxf5 30. g4 Bd4+ 31. Kh1 Rh3 32. Bg2 Be4 0-1

[Event "Escacs 199"]
[Site "http://www.queenalice.com/game.php?id=1864000"]
[Date "2025.10.10"]
[Round "-"]
[White "SeveroChess18"]
[Black "alterego"]
[Result "1-0"]
[WhiteElo "1354"]
[BlackElo "1594"]

1. d4 g6 2. c4 Bg7 3. Nc3 Nf6 4. e4 d6 5. f3 a6 6. Be3 Bd7 7. Qd2 b5 8. cxb5
axb5 9. Bxb5 c6 10. Bc4 O-O 11. Bh6 d5 12. exd5 cxd5 13. Nxd5 Nxd5 14. Bxd5 Ra5
15. Bb3 Rf5 16. Ne2 Nc6 17. Bxg7 Kxg7 18. O-O Na5 19. Bc2 Nc4 20. Qc3 Bb5 21.
Bxf5 e6 22. Bd3 Ne3 23. Bxb5 Nxf1 24. Rxf1 Qd5 25. a4 Qh5 26. d5+ Kg8 27. dxe6
fxe6 28. Bd7 e5 29. Be6+ Kg7 30. Ng3 Qg5 31. Ne4 Qf4 32. Rd1 Re8 33. Rd7+ 1-0

[Event "Let's Play Chess!"]
[Site "http://www.queenalice.com/game.php?id=1864032"]
[Date "2025.10.10"]
[Round "-"]
[White "Charles56"]
[Black "SeveroChess18"]
[Result "0-1"]
[WhiteElo "1829"]
[BlackElo "1380"]

1. e4 c5 2. Nc3 d6 3. d4 cxd4 4. Qxd4 a6 5. Bd2 Nc6 6. Qe3 Nf6 7. h3 e6 8. Bd3
Be7 9. f4 d5 10. exd5 exd5 11. Nce2 O-O 12. O-O-O Re8 13. g4 Bb4 14. Qf3 Bxd2+
15. Rxd2 Nb4 16. Kb1 Qa5 17. Nc3 d4 18. a3 Nxd3 19. Qxd3 dxc3 20. Qxc3 Re1+ 21.
Ka2 Be6+ 22. b3 Qxc3 23. Rg2 Ra1# 0-1

[Event "Let's Play Chess!"]
[Site "http://www.queenalice.com/game.php?id=1864033"]
[Date "2025.10.10"]
[Round "-"]
[White "SeveroChess18"]
[Black "Charles56"]
[Result "1-0"]
[WhiteElo "1410"]
[BlackElo "1769"]

1. Nf3 Nc6 2. d4 d5 3. b3 h6 4. Bb2 Nf6 5. Nbd2 e6 6. e3 a6 7. a3 Bd6 8. Bd3 Qe7
9. Ne5 Bxe5 10. dxe5 Nh7 11. Qh5 Bd7 12. b4 b5 13. Nb3 Ng5 14. f4 Ne4 15. Bxe4
dxe4 16. Nc5 a5 17. O-O axb4 18. axb4 Rxa1 19. Rxa1 Qd8 20. Rd1 g6 21. Qh3 Nxb4
22. Nxd7 Qc8 23. Nf6+ Ke7 24. Ba3 c5 25. Nxe4 Nxc2 26. Bxc5+ 1-0

[Event "Let's Play Chess!"]
[Site "http://www.queenalice.com/game.php?id=1865435"]
[Date "2025.11.11"]
[Round "-"]
[White "SeveroChess18"]
[Black "alterego"]
[Result "1-0"]
[WhiteElo "1440"]
[BlackElo "1565"]

1. e4 g6 2. d4 Bg7 3. Nc3 Nf6 4. f3 a6 5. Be3 b5 6. Qd2 O-O 7. O-O-O c6 8. Bh6
Nh5 9. g4 Nf6 10. h4 d6 11. h5 Kh8 12. hxg6 fxg6 13. Bxg7+ Kxg7 14. Qh6+ Kh8 15.
e5 Rg8 16. exf6 exf6 17. Qxh7# 1-0

[Event "Let's Play Chess!"]
[Site "http://www.queenalice.com/game.php?id=1865436"]
[Date "2025.11.11"]
[Round "-"]
[White "alterego"]
[Black "SeveroChess18"]
[Result "0-1"]
[WhiteElo "1521"]
[BlackElo "1461"]

1. d4 Nf6 2. g3 g6 3. Bg2 Bg7 4. Nf3 O-O 5. c4 d6 6. b4 Nbd7 7. Nc3 c5 8. bxc5
dxc5 9. dxc5 Ne4 10. Nd4 Nxc3 11. Qd3 Na4 12. c6 Ndc5 13. Qe3 Bxd4 14. c7 Qd7
15. Qd2 Bxa1 16. Qxd7 Bxd7 17. O-O Be5 18. Bg5 Rfe8 19. e3 Bxc7 20. f4 f6 21.
Bh6 Bc6 22. Bxc6 bxc6 23. f5 g5 24. Kg2 Rab8 25. Rd1 Red8 0-1

[Event "Let's Play Chess!"]
[Site "http://www.queenalice.com/game.php?id=1866403"]
[Date "2025.11.30"]
[Round "-"]
[White "SeveroChess18"]
[Black "alterego"]
[Result "1-0"]
[WhiteElo "1479"]
[BlackElo "1509"]

1. e4 g6 2. d4 Bg7 3. Nc3 a6 4. Be3 b5 5. a3 e6 6. Qd2 Bb7 7. f3 Ne7 8. Bd3 O-O
9. g4 f5 10. Bh6 fxg4 11. O-O-O gxf3 12. h4 Kh8 13. h5 Ng8 14. Bxg7+ Kxg7 15.
hxg6 h6 16. Rf1 d5 17. Nxf3 dxe4 18. Nxe4 Nc6 19. c3 Na5 20. Ne5 Nb3+ 21. Kc2
Nxd2 22. Kxd2 Rxf1 23. Rxf1 Qd5 24. Rf7+ Kh8 25. Rh7# 1-0

[Event "Let's Play Chess!"]
[Site "http://www.queenalice.com/game.php?id=1866404"]
[Date "2025.11.30"]
[Round "-"]
[White "alterego"]
[Black "SeveroChess18"]
[Result "0-1"]
[WhiteElo "1492"]
[BlackElo "1496"]

1. d4 Nf6 2. c4 e6 3. c5 b6 4. c6 Nxc6 5. g3 Bb7 6. Bg2 Be7 7. Nf3 O-O 8. Nc3 d5
9. a3 Na5 10. b4 Nc4 11. O-O Rc8 12. Nd2 Nxd2 13. Bxd2 Ne4 14. Nxe4 dxe4 15. e3
Qd7 16. Rc1 c5 17. dxc5 bxc5 18. Bxe4 Bxe4 19. f3 Bd3 20. Rf2 cxb4 21. axb4 Rfd8
22. Ra1 Bb5 23. Qb3 a6 24. Rd1 Ba4 25. Bc1 Qxd1+ 26. Qxd1 Rxd1+ 27. Kg2 Rcxc1
0-1

[Event "Let's Play 891"]
[Site "http://www.queenalice.com/game.php?id=1867310"]
[Date "2025.12.22"]
[Round "-"]
[White "SeveroChess18"]
[Black "digger"]
[Result "1-0"]
[WhiteElo "1589"]
[BlackElo "1691"]

1. e4 e5 2. Nf3 d6 3. d4 Nf6 4. Nc3 Qe7 5. dxe5 dxe5 6. Bg5 h6 7. Nd5 Qd6 8.
Nxf6+ gxf6 9. Qxd6 Bxd6 10. Bxf6 O-O 11. O-O-O Nd7 12. Bh4 Nc5 13. Nxe5 Bxe5 14.
Be7 Re8 15. Bxc5 b6 16. Be3 Kg7 17. Bb5 Re7 18. Bc6 Rb8 19. Rd8 Bd6 20. f4 f6
21. Rf1 Rf7 22. Rf3 Rf8 23. Rg3+ Kf7 24. Rxf8+ Bxf8 25. f5 Ba6 26. Rg6 h5 27. g3
Be2 28. Bd4 Be7 29. Bd5+ Ke8 30. Be6 Rd8 31. c3 c5 32. Rg8+ Bf8 33. Bxf6 Rd6 34.
Bg7 Rxe6 35. Rxf8+ Ke7 36. fxe6 Kxe6 37. Kd2 Bb5 38. Ke3 Bd7 39. Ra8 a5 40. Ra6
Kf7 41. Bh6 Kg6 42. Rxb6+ Kh7 43. Rb7 Kxh6 44. Rxd7 Kg5 45. Rf7 Kg6 46. Rf5 a4
47. a3 c4 48. h4 Kh6 49. Rg5 Kh7 50. Kf4 Kh6 51. Kf5 Kh7 52. Kf6 Kh6 53. Kf7 Kh7
54. Rxh5# 1-0

[Event "Let's Play 892"]
[Site "http://www.queenalice.com/game.php?id=1867311"]
[Date "2025.12.22"]
[Round "-"]
[White "digger"]
[Black "SeveroChess18"]
[Result "0-1"]
[WhiteElo "1683"]
[BlackElo "1556"]

1. d4 Nf6 2. Nc3 d5 3. e3 c5 4. dxc5 e6 5. b4 a5 6. Bb5+ Bd7 7. Bd3 axb4 8. Nce2
Bxc5 9. Nf3 O-O 10. Bb2 Nc6 11. Ng3 Re8 12. O-O e5 13. e4 d4 14. Ne2 Ra5 15. Qd2
Qa8 16. Bc4 Nxe4 17. Qd3 Nc3 18. Bxc3 bxc3 19. Ng3 Be6 20. Bxe6 Rxe6 21. Rfe1
Rxa2 22. Rac1 Qa6 23. Ne4 Qxd3 24. cxd3 Bf8 25. Neg5 Re8 26. g3 f6 27. Ne4 b5
28. Rb1 b4 29. Kg2 Rb8 30. Nh4 b3 31. Kh3 b2 32. Re2 Nb4 33. Nf3 c2 34. Rxc2
Nxc2 35. Ned2 Na3 36. Re1 Ra1 37. Rxa1 bxa1=Q 38. Ne4 Qf1+ 39. Kg4 Qxd3 40. Nfd2
Kf7 41. h4 g6 42. f3 f5+ 43. Kg5 h6# 0-1

[Event "Challenge"]
[Site "http://www.queenalice.com/game.php?id=1867733"]
[Date "2026.1.8"]
[Round "-"]
[White "edemarc"]
[Black "SeveroChess18"]
[Result "0-1"]
[WhiteElo "1563"]
[BlackElo "1638"]

1. e4 c5 2. c3 Nf6 3. d3 d5 4. e5 Nfd7 5. d4 e6 6. Be3 Be7 7. Qh5 Nc6 8. Qg4 g6
9. Bd3 cxd4 10. cxd4 Qb6 11. b3 Bb4+ 12. Nd2 Bc3 13. Rc1 Bxd4 14. Qf4 Bxe3 15.
fxe3 Ndxe5 16. Be2 Qa5 17. Nh3 Bd7 18. Qf6 O-O 19. Ng5 h6 20. Nh3 Qxa2 21. Bb5
Rac8 22. O-O Qxd2 23. Nf4 Qxe3+ 24. Rf2 Qxc1+ 25. Rf1 Qe3+ 26. Kh1 Ng4 27. Qh4
h5 28. h3 Nh6 29. Bd3 e5 30. Rf3 Qd4 31. Qg5 exf4 32. Qxh6 Ne5 33. Rxf4 Qxd3 34.
Qg5 Rc1+ 35. Kh2 Qe3 36. Qh4 Qg1+ 37. Kg3 Rc3+ 38. Rf3 Rxf3# 0-1

[Event "Let's Play 896"]
[Site "http://www.queenalice.com/game.php?id=1868638"]
[Date "2026.2.3"]
[Round "-"]
[White "SeveroChess18"]
[Black "digger"]
[Result "0-1"]
[WhiteElo "1609"]
[BlackElo "1671"]

1. e4 e5 2. Nf3 d6 3. d4 exd4 4. Nxd4 Nf6 5. Nc3 Qe7 6. Bd3 d5 7. O-O c6 8. exd5
cxd5 9. Re1 Be6 10. Nxe6 fxe6 11. Bg5 h6 12. Nxd5 Qd6 0-1

[Event "Let's Play 897"]
[Site "http://www.queenalice.com/game.php?id=1868639"]
[Date "2026.2.3"]
[Round "-"]
[White "digger"]
[Black "SeveroChess18"]
[Result "0-1"]
[WhiteElo "1581"]
[BlackElo "1612"]

1. d4 Nf6 2. e3 c5 3. d5 d6 4. Bc4 a6 5. Qf3 Nbd7 6. Bd2 b5 7. Be2 Bb7 8. e4 g6
9. Nh3 Bg7 10. Nc3 Ne5 11. Qe3 b4 12. Na4 Nfg4 13. Bxg4 Nxg4 14. Qg3 h5 15.
O-O-O Qa5 16. b3 Ne5 17. Rhf1 c4 18. Qe3 cxb3 19. cxb3 Qb5 20. Ng5 Rc8+ 21. Kb1
Nd3 22. Rg1 O-O 23. Qb6 Ra8 24. Qxb5 axb5 25. Nb2 Nxb2 26. Rc1 Nd3 27. Rc7 Bc8
28. f4 Re8 29. Rf1 f5 30. e5 dxe5 31. fxe5 Bxe5 32. Rc6 Bd7 33. Rxg6+ Kf8 34.
Rh6 Ra7 35. Rxh5 f4 36. g3 Bf5 37. Nh7+ Bxh7 38. Rxh7 Rea8 39. Kc2 Nc5 40. gxf4
Rxa2+ 41. Kd1 Bc3 42. Rh8+ Kf7 43. Bxc3 bxc3 44. Rxa8 Rxa8 45. Kc2 b4 46. f5
Ra2+ 47. Kb1 Rb2+ 48. Kc1 Nxb3+ 49. Kd1 Nc5 50. h4 Nd3 51. Rf3 Rd2# 0-1

[Event "Let's Play 899"]
[Site "http://www.queenalice.com/game.php?id=1868641"]
[Date "2026.2.3"]
[Round "-"]
[White "digger"]
[Black "SeveroChess18"]
[Result "0-1"]
[WhiteElo "1627"]
[BlackElo "1595"]

1. Nf3 Nf6 2. d4 g6 3. Bg5 Bg7 4. c3 O-O 5. Qd3 d5 6. h3 Nbd7 7. Nbd2 h6 8. Bxf6
Nxf6 9. g4 Nd7 10. Bg2 c6 11. h4 e5 12. dxe5 Nxe5 13. Qc2 Bxg4 14. Nh2 Qxh4 15.
Ndf1 Bf5 16. Qd2 Rfe8 17. Qd4 Nd3+ 18. Kd2 Bxd4 19. cxd4 Qf4+ 20. Kc3 Nxf2 21.
Rg1 Rxe2 22. Kb4 Rxb2+ 23. Ka3 Nd3 24. Rd1 Qd6+ 25. Ka4 Qb4# 0-1

[Event "Challenge"]
[Site "http://www.queenalice.com/game.php?id=1871210"]
[Date "2026.3.29"]
[Round "-"]
[White "PRZ"]
[Black "SeveroChess18"]
[Result "0-1"]
[WhiteElo "1491"]
[BlackElo "1627"]

1. e4 e5 2. g3 Nf6 3. Bg2 Nc6 4. c3 Bc5 5. Nf3 Nxe4 6. O-O O-O 7. b4 Bd6 8. Nh4
Nf6 9. d3 Re8 10. Nf5 Bf8 11. h4 d5 12. Ne3 d4 13. Nc4 dxc3 14. Nxc3 Nxb4 15.
Nxe5 Rxe5 16. d4 Re8 17. a3 Nbd5 18. Bg5 Nxc3 19. Qd3 Ne2+ 20. Kh2 Qxd4 21. Qxd4
Nxd4 22. Rfc1 Nb3 0-1